Hlavné výzvy iniciatívy svetových mierových operácií

Medzinárodné organizácie a podpora mierových operácií. Uskutočňovanie "zložitých operácií", ktoré sú koordinovaným mierovým úsilím zahŕňajúce aktivity diplomatov, vojakov, špecialistov, lekárov, pracovníkov humanitárnych organizácii a odborníkov na riešenie konfliktov.

Guardado en:
Detalles Bibliográficos
Autor principal: Pružinský, Michal, 1952-
Formato: Capítulo de libro
Lenguaje:inglés
Materias:
Etiquetas: Agregar Etiqueta
Sin Etiquetas, Sea el primero en etiquetar este registro!

MARC

LEADER 00000nla a2200000 4500
001 0226103
005 20240502073719.7
041 0 |a eng 
044 |a SK 
245 1 0 |a Hlavné výzvy iniciatívy svetových mierových operácií  |c Michal Pružinský 
520 |a Medzinárodné organizácie a podpora mierových operácií. Uskutočňovanie "zložitých operácií", ktoré sú koordinovaným mierovým úsilím zahŕňajúce aktivity diplomatov, vojakov, špecialistov, lekárov, pracovníkov humanitárnych organizácii a odborníkov na riešenie konfliktov. 
610 2 0 |a konflikty medzinárodné 
610 2 0 |a organizácie medzinárodné 
610 2 0 |a ochrana ľudských práv 
610 2 0 |a pomoc humanitárna 
610 2 0 |a právo humanitárne medzinárodné 
100 1 |a Pružinský, Michal, 1952-